000 00996nam a2200265Ia 4500
003 OSt
005 20220923211241.0
006 a|||||r|||| 00| 0
007 ta
008 220922b |||||||| |||| 00| 0 hin d
020 _a9788176467513 (hbk (Set))
_c6000
024 _a263,933
037 _b1862, 16/07/2012, Kiran Book Service
_cTextual
040 _aARTS
_cARTS
_bhin
041 _2hin
_ahin
082 _aY:1.2k, 152Q1.1-.3
100 _aकिरण कुमारी
_9156291
245 0 _aभारतीय संस्कृति कोड्ढ
246 _aBhāratīya sanskṛuti koḍḍha
260 _aदिल्ली
_b बी. आर. पब्लिशिंग कॉर्पोरेशन
_c2011
490 _vभाग 1
650 _aभारतीय-लोक साहित्य
942 _hY:1.2k, 152Q1.1-.3
_cTEXL
_2CC
999 _c297686
_d297686